Statistiques concernant Les citoyens d'honneur de la Ville de Paris

Cliquez ici pour prendre le quiz!

Statistiques générales

  • Ce quiz a été pris 25 fois
  • Le résultat moyen est 6 sur 11

Statistiques - réponses

HintRéponse% Correct
Président de l'Afrique du Sud ayant longtemps lutté contre la ségrégation, ce qui l'amena à passer 27 ans en prison.Nelson Mandela
100%
Leader religieux tibétain considéré comme réincarnation de ses prédécesseurs.Tenzin Gyatso (actuel Dalaï Lama)
96%
Journal satyrique victime d'un attentat terroriste islamiste en 2015.Charlie Hebdo
83%
Ancien président du brésil ayant quitté le pouvoir à l'époque de sa réception du prix donc avant sa réélection en 2023 à la tête de son pays.Luiz Inácio Lula da Silva
83%
Suite à l'invasion de l'Ukraine par la Russie, cette ville a reçu la distinction pour marquer un symbole de soutien.La ville de Kiev
79%
Unité de génie de l'armée de terre française luttant contre les incendies à Paris.Brigade de sapeurs-pompiers de paris
71%
Femme d'état colombienne captive pendant six ans de la guérilla des Farc.Íngrid Betancourt
54%
Dirigeante birmane actuellement emprisonnée et figure démocratique dans son pays, citoyenne d'honneur de Paris uniquement jusqu'en 2018, seule à se voir ce prix retiré avec le scandale médiatique sur la crise des Rohingyas.Aung San Suu Kyi
25%
Iranienne kurde morte en 2022 et figure de la révolte ayant suivi dans son pays.Mahsa Amini
17%
Réalisateur iranien contemporain victime de censure et incarcéré à plusieurs reprises à Téhéran.Jafar Panahi
13%
"Ensemble des êtres vivants et leurs écosystèmes" citoyenne d'honneur depuis 2016 dont l'annonce de la distinction fit dire à l'opposition de la mairie que cela la tournait en ridicule.La biodiversité
13%

Distribution des résultats

Percentile par nombre de réponses

% des personnes avec chaque résultat

Votre développement - résultats

Vous n’avez pas pris ce quiz